<?xml version="1.0" encoding="UTF-8"?>
<record
    xmlns:xsi="http://www.w3.org/2001/XMLSchema-instance"
    xsi:schemaLocation="http://www.loc.gov/MARC21/slim http://www.loc.gov/standards/marcxml/schema/MARC21slim.xsd"
    xmlns="http://www.loc.gov/MARC21/slim">

  <leader>02069nam a2200313 a 4500</leader>
  <controlfield tag="001">79141</controlfield>
  <controlfield tag="003">BD-RjUL</controlfield>
  <controlfield tag="005">20220109150042.0</controlfield>
  <controlfield tag="008">220107s2003    le            000 0 ara d</controlfield>
  <datafield tag="035" ind1=" " ind2=" ">
    <subfield code="a">(BD-RjUL)79141</subfield>
  </datafield>
  <datafield tag="040" ind1=" " ind2=" ">
    <subfield code="a">BIC</subfield>
    <subfield code="b">eng</subfield>
    <subfield code="c">BD-RjUL</subfield>
  </datafield>
  <datafield tag="041" ind1=" " ind2=" ">
    <subfield code="a">ara</subfield>
  </datafield>
  <datafield tag="082" ind1=" " ind2=" ">
    <subfield code="a">305.697046092</subfield>
    <subfield code="b">IBK 2003</subfield>
    <subfield code="2">23</subfield>
  </datafield>
  <datafield tag="100" ind1="1" ind2=" ">
    <subfield code="a">&#x627;&#x628;&#x646; &#x628;&#x634;&#x643;&#x648;&#x627;&#x644;&#x60C; &#x623;&#x628;&#x648; &#x627;&#x644;&#x642;&#x627;&#x633;&#x645; &#x62E;&#x644;&#x641; &#x628;&#x646; &#x639;&#x628;&#x62F;&#x627;&#x644;&#x645;&#x644;&#x643; &#x628;&#x646; &#x633;&#x639;&#x648;&#x62F; &#x627;&#x644;&#x623;&#x646;&#x62F;&#x644;&#x633;&#x64A;&#x60C;</subfield>
    <subfield code="d">494-578 &#x647;&#x62C;&#x631;&#x64A;[1101-1183 &#x645;.]</subfield>
    <subfield code="9">605</subfield>
  </datafield>
  <datafield tag="245" ind1="1" ind2="0">
    <subfield code="a"> &#x643;&#x62A;&#x627;&#x628; &#x627;&#x644;&#x635;&#x644;&#x629; &#x641;&#x64A; &#x62A;&#x627;&#x631;&#x64A;&#x62E; &#x623;&#x626;&#x645;&#x629; &#x627;&#x644;&#x623;&#x646;&#x62F;&#x644;&#x633; &#x648;&#x639;&#x644;&#x645;&#x627;&#x626;&#x647;&#x645; &#x648;&#x645;&#x62D;&#x62F;&#x62B;&#x64A;&#x647;&#x645; &#x648;&#x641;&#x642;&#x647;&#x627;&#x626;&#x647;&#x645; &#x648;&#x623;&#x62F;&#x628;&#x627;&#x626;&#x647;&#x645;  ;; kitab alsilat fi tarikh 'ayimat al'andalus waeulamayihim wamuhdithihim wafuqahayihim wa'udabayihim /</subfield>
    <subfield code="c">&#x623;&#x628;&#x64A; &#x627;&#x644;&#x642;&#x627;&#x633;&#x645; &#x62E;&#x644;&#x641; &#x628;&#x646; &#x639;&#x628;&#x62F;&#x627;&#x644;&#x645;&#x644;&#x643; &#x628;&#x646; &#x628;&#x634;&#x643;&#x648;&#x627;&#x644; &#x61B; &#x642;&#x62F;&#x645; &#x644;&#x647; &#x648;&#x636;&#x628;&#x637;&#x647; &#x648;&#x634;&#x631;&#x62D;&#x647; &#x648;&#x648;&#x636;&#x639; &#x641;&#x647;&#x627;&#x631;&#x633;&#x647; &#x635;&#x644;&#x627;&#x62D; &#x627;&#x644;&#x62F;&#x64A;&#x646; &#x627;&#x644;&#x647;&#x648;&#x627;&#x631;&#x64A;.;; 'abi alqasim khalf bn eabdalmalik bin bishkwal ; qadam lah wadabtah washarhah wawadae faharisah salah aldiyn alhawari.</subfield>
  </datafield>
  <datafield tag="246" ind1="3" ind2="3">
    <subfield code="a">kitab alsilat fi tarikh eulama' al'andalus dhayl kitab tarikh abn alfardii   ;; &#x643;&#x62A;&#x627;&#x628; &#x627;&#x644;&#x635;&#x644;&#x629; &#x641;&#x64A; &#x62A;&#x627;&#x631;&#x64A;&#x62E; &#x639;&#x644;&#x645;&#x627;&#x621; &#x627;&#x644;&#x623;&#x646;&#x62F;&#x644;&#x633; &#x630;&#x64A;&#x644; &#x643;&#x62A;&#x627;&#x628; &#x62A;&#x627;&#x631;&#x64A;&#x62E; &#x627;&#x628;&#x646; &#x627;&#x644;&#x641;&#x631;&#x636;&#x64A;</subfield>
  </datafield>
  <datafield tag="250" ind1=" " ind2=" ">
    <subfield code="a">&#x637;. 1</subfield>
  </datafield>
  <datafield tag="260" ind1=" " ind2=" ">
    <subfield code="a">&#x628;&#x64A;&#x631;&#x648;&#x62A; :</subfield>
    <subfield code="b">&#x627;&#x644;&#x645;&#x643;&#x62A;&#x628;&#x629; &#x627;&#x644;&#x639;&#x635;&#x631;&#x64A;&#x629;,  ;;   almaktabat aleasriatu,</subfield>
    <subfield code="c">1423 &#x647;&#x62C;&#x631;&#x64A;[2003].</subfield>
  </datafield>
  <datafield tag="300" ind1=" " ind2=" ">
    <subfield code="a">v. ;</subfield>
    <subfield code="c">24 &#x633;&#x645;.</subfield>
  </datafield>
  <datafield tag="500" ind1=" " ind2=" ">
    <subfield code="a">&#x64A;&#x634;&#x645;&#x644; &#x641;&#x647;&#x631;&#x633; &#x627;&#x644;&#x627;&#x639;&#x644;&#x627;&#x645;</subfield>
  </datafield>
  <datafield tag="500" ind1=" " ind2=" ">
    <subfield code="a">&#x64A;&#x648;&#x62C;&#x62F; &#x637;&#x628;&#x639;&#x627;&#x62A; &#x645;&#x62E;&#x62A;&#x644;&#x641;&#x629; &#x641;&#x64A; &#x627;&#x644;&#x645;&#x643;&#x62A;&#x628;&#x629;</subfield>
  </datafield>
  <datafield tag="504" ind1=" " ind2=" ">
    <subfield code="a">&#x628;&#x628;&#x644;&#x64A;&#x648;&#x63A;&#x631;&#x627;&#x641;&#x64A;&#x629;: &#x635;. 595-598</subfield>
  </datafield>
  <datafield tag="505" ind1=" " ind2=" ">
    <subfield code="a">Vol. 1.--</subfield>
  </datafield>
  <datafield tag="600" ind1="1" ind2="7">
    <subfield code="a">&#x627;&#x628;&#x646; &#x628;&#x634;&#x643;&#x648;&#x627;&#x644;&#x60C; &#x623;&#x628;&#x648; &#x627;&#x644;&#x642;&#x627;&#x633;&#x645; &#x62E;&#x644;&#x641; &#x628;&#x646; &#x639;&#x628;&#x62F;&#x627;&#x644;&#x645;&#x644;&#x643; &#x628;&#x646; &#x633;&#x639;&#x648;&#x62F; &#x627;&#x644;&#x627;&#x646;&#x62F;&#x644;&#x633;&#x64A;&#x60C;;; Ibn Bashkwal, Abu al-Qasim Khalaf bin Abd al-Malik bin Saud al-Andalusi, </subfield>
    <subfield code="d">494-578 &#x647;&#x62C;&#x631;&#x64A;[1101-1183 &#x645;.]</subfield>
    <subfield code="9">606</subfield>
  </datafield>
  <datafield tag="650" ind1=" " ind2=" ">
    <subfield code="a">Muslims -- Spain -- Biography -- Early works to 1800. </subfield>
    <subfield code="9">607</subfield>
  </datafield>
  <datafield tag="650" ind1=" " ind2=" ">
    <subfield code="a">Arabs -- Spain -- Biography -- Early works to 1800.</subfield>
    <subfield code="9">608</subfield>
  </datafield>
  <datafield tag="700" ind1="1" ind2=" ">
    <subfield code="a">alhawary, salah aldiyn  ;; &#x627;&#x644;&#x647;&#x648;&#x627;&#x631;&#x64A;&#x60C; &#x635;&#x644;&#x627;&#x62D; &#x627;&#x644;&#x62F;&#x64A;&#x646;</subfield>
    <subfield code="e">&#x645;&#x62D;&#x642;&#x642;</subfield>
    <subfield code="9">609</subfield>
  </datafield>
  <datafield tag="942" ind1=" " ind2=" ">
    <subfield code="2">ddc</subfield>
    <subfield code="c">BK</subfield>
  </datafield>
  <datafield tag="999" ind1=" " ind2=" ">
    <subfield code="c">79141</subfield>
    <subfield code="d">79141</subfield>
  </datafield>
  <datafield tag="952" ind1=" " ind2=" ">
    <subfield code="0">0</subfield>
    <subfield code="1">0</subfield>
    <subfield code="2">ddc</subfield>
    <subfield code="4">0</subfield>
    <subfield code="7">1</subfield>
    <subfield code="8">NFIC</subfield>
    <subfield code="a">RUCL</subfield>
    <subfield code="b">RUCL</subfield>
    <subfield code="c">Reading</subfield>
    <subfield code="d">2022-01-09</subfield>
    <subfield code="l">0</subfield>
    <subfield code="o">A 305.697046092 IBK  V-1  2003</subfield>
    <subfield code="r">2022-01-09 00:00:00</subfield>
    <subfield code="t">C-1</subfield>
    <subfield code="w">2022-01-09</subfield>
    <subfield code="y">BK</subfield>
  </datafield>
  <datafield tag="952" ind1=" " ind2=" ">
    <subfield code="0">0</subfield>
    <subfield code="1">0</subfield>
    <subfield code="2">ddc</subfield>
    <subfield code="4">0</subfield>
    <subfield code="7">1</subfield>
    <subfield code="8">NFIC</subfield>
    <subfield code="a">RUCL</subfield>
    <subfield code="b">RUCL</subfield>
    <subfield code="c">Reading</subfield>
    <subfield code="d">1968-09-19</subfield>
    <subfield code="e">Zeitlinger</subfield>
    <subfield code="l">0</subfield>
    <subfield code="o">A 305.697046092 IBK  V-2  1955</subfield>
    <subfield code="r">2022-02-17 00:00:00</subfield>
    <subfield code="t">C-1</subfield>
    <subfield code="w">2022-02-17</subfield>
    <subfield code="y">BK</subfield>
  </datafield>
</record>
